[Event "34th WCh U20 Girls"]
[Site "Bhubaneswar IND"]
[Date "2016.08.09"]
[Round "2.2"]
[White "Uuriintuya, Uurtsaikh"]
[Black "Bivol, Alina"]
[Result "0-1"]
[WhiteElo "2199"]
[BlackElo "2362"]
[EventDate "2016.08.08"]
[PlyCount "88"]

1.e4 e6 2.d4 d5 3.Nd2 Be7 4.e5 c5 5.c3 Nc6 6.Ngf3 cxd4 7.cxd4 Qb6 8.Nb3 a5
9.a4 Bb4+ 10.Bd2 Bxd2+ 11.Nfxd2 Nge7 12.Bb5 O-O 13.Nf3 Na7 14.Bd3 Qb4+ 15.
Nbd2 h6 16.O-O Nac6 17.Nb3 b6 18.Re1 Ba6 19.Bxa6 Rxa6 20.Re3 Raa8 21.Rc3 
Rfc8 22.Ne1 Nf5 23.Nc2 Qe7 24.Rc1 Qd7 25.Na3 Na7 26.Rxc8+ Rxc8 27.Rxc8+ 
Qxc8 28.Qd3 Qc6 29.Nb5 Nxb5 30.axb5 Qc8 31.g3 Ne7 32.Kg2 Ng6 33.Qc3 Qd8 
34.Qe3 Qd7 35.Qc3 Qxb5 36.Qc8+ Kh7 37.Qc2 Qc4 38.Qxc4 dxc4 39.Nd2 b5 40.
Kf3 Ne7 41.Ne4 b4 42.Nd6 c3 43.bxc3 b3 44.Nb5 Nd5 0-1

[Event "34th WCh U20 Girls"]
[Site "Bhubaneswar IND"]
[Date "2016.08.09"]
[Round "2.3"]
[White "Harshita, Guddanti"]
[Black "Kiolbasa, Oliwia"]
[Result "1/2-1/2"]
[WhiteElo "2180"]
[BlackElo "2319"]
[EventDate "2016.08.08"]
[PlyCount "80"]

1.e4 c5 2.Nf3 a6 3.Nc3 d6 4.d4 cxd4 5.Nxd4 e5 6.Nb3 Nf6 7.Bg5 Be7 8.Qd2 b5
9.Bxf6 Bxf6 10.a4 bxa4 11.Rxa4 O-O 12.Bc4 Nd7 13.Nd5 Nb6 14.Nxb6 Qxb6 15.
Bd5 Rb8 16.O-O Bd7 17.Ra2 Rfc8 18.Rfa1 Bb5 19.Na5 Bd8 20.c3 g6 21.g3 Kg7 
22.b4 h5 23.h4 Rc7 24.Ra3 g5 25.hxg5 Kg6 26.Kg2 Bxg5 27.f4 Bh6 28.f5+ Kh7 
29.Qd1 h4 30.Qg4 hxg3 31.R3a2 Rg8 32.Qh5 Rg5 33.Qh4 Rxc3 34.Rh1 Qf2+ 35.
Rxf2 gxf2+ 36.Kxf2 Rc2+ 37.Ke1 Rc1+ 38.Kf2 Rc2+ 39.Ke1 Rc1+ 40.Kf2 Rc2+ 
1/2-1/2

[Event "34th WCh U20 Girls"]
[Site "Bhubaneswar IND"]
[Date "2016.08.09"]
[Round "2.4"]
[White "Stiazhkina, Anna"]
[Black "Nandhidhaa, Venkatachalam"]
[Result "0-1"]
[WhiteElo "2315"]
[BlackElo "2151"]
[EventDate "2016.08.08"]
[PlyCount "64"]

1.e4 c5 2.Nf3 e6 3.d4 cxd4 4.Nxd4 Nc6 5.Nc3 Qc7 6.Be2 Nf6 7.O-O a6 8.a3 
Be7 9.Be3 O-O 10.f4 d6 11.Qe1 Nxd4 12.Bxd4 b5 13.Qg3 Bb7 14.Bd3 Rad8 15.
Rae1 Bc6 16.e5 dxe5 17.Bxe5 Qa7+ 18.Kh1 g6 19.Nd1 Nd7 20.Nf2 Nxe5 21.fxe5 
f5 22.exf6 Bxf6 23.b3 Qe7 24.Bf5 Bd5 25.Ng4 Bh4 26.Qe5 h5 27.Bxg6 hxg4 28.
Rd1 Qg5 29.Qxg5 Bxg5 30.Bh5 g3 31.hxg3 Rxf1+ 32.Rxf1 Rf8 0-1

[Event "34th WCh U20 Girls"]
[Site "Bhubaneswar IND"]
[Date "2016.08.09"]
[Round "2.5"]
[White "Santeramo, Alessia"]
[Black "Dordzhieva, Dinara"]
[Result "0-1"]
[WhiteElo "2137"]
[BlackElo "2304"]
[EventDate "2016.08.08"]
[PlyCount "100"]

1.e4 c5 2.Nf3 e6 3.Nc3 a6 4.g3 Nc6 5.Bg2 Nf6 6.O-O d6 7.d4 cxd4 8.Nxd4 Qc7
9.Be3 Be7 10.a4 O-O 11.f4 Bd7 12.Nb3 Na5 13.Nxa5 Qxa5 14.g4 Bc6 15.g5 Nd7 
16.Qh5 g6 17.Qh6 Rfe8 18.Rf3 Bf8 19.Qh4 Bg7 20.Rh3 Nf8 21.Qf2 Qb4 22.Rf1 
Qxb2 23.Bd4 Bxd4 24.Qxd4 Qxc2 25.Rf2 Qc1+ 26.Rf1 Qc2 27.Rf2 Qc1+ 28.Rf1 
Qb2 29.Rf2 e5 30.fxe5 dxe5 31.Qc4 Qc1+ 32.Rf1 Qxg5 33.Qxf7+ Kh8 34.Nd5 
Bxd5 35.exd5 e4 36.d6 Qc5+ 37.Kh1 Qxd6 38.Qxb7 h5 39.Bxe4 Qe5 40.Qxa8 Rxa8
41.Bxa8 Ne6 42.Rg3 Nf4 43.Rgf3 g5 44.h4 Qe2 45.Rxf4 gxf4 46.Rxf4 Qe5 47.
Re4 Qb8 48.Bd5 Qb1+ 49.Kg2 Qc2+ 50.Kf3 Qd3+ 0-1

[Event "34th WCh U20 Girls"]
[Site "Bhubaneswar IND"]
[Date "2016.08.09"]
[Round "2.6"]
[White "Frayna, Janelle Mae"]
[Black "Salonika, Saina"]
[Result "1-0"]
[WhiteElo "2292"]
[BlackElo "2131"]
[EventDate "2016.08.08"]
[PlyCount "55"]

1.d4 Nf6 2.c4 g6 3.Nc3 Bg7 4.e4 d6 5.h3 O-O 6.Bg5 h6 7.Be3 Nbd7 8.Bd3 e5 
9.d5 Nh5 10.Qd2 Nc5 11.Bc2 Nf4 12.Rh2 a5 13.g3 Nh5 14.Bxh6 Bxh6 15.Qxh6 
Qf6 16.O-O-O Bd7 17.Qe3 a4 18.Nge2 Rfb8 19.Nb5 Qd8 20.Nec3 Be8 21.f4 exf4 
22.gxf4 c6 23.Nd4 b5 24.dxc6 bxc4 25.Nd5 Na6 26.Qc3 Qh4 27.c7 Rb7 28.Nf3 
1-0

[Event "34th WCh U20 Girls"]
[Site "Bhubaneswar IND"]
[Date "2016.08.09"]
[Round "2.7"]
[White "Ivanova, Karina"]
[Black "Vaishali, Ramesh Babu"]
[Result "1-0"]
[WhiteElo "2129"]
[BlackElo "2284"]
[EventDate "2016.08.08"]
[PlyCount "95"]

1.d4 d5 2.Nf3 Nc6 3.g3 Bg4 4.Nbd2 Qd7 5.Bg2 Bh3 6.O-O O-O-O 7.a4 h5 8.c3 
h4 9.Bxh3 Qxh3 10.Ng5 Qf5 11.Ndf3 Nh6 12.Nxh4 Qd7 13.f4 e6 14.b4 Bd6 15.b5
Na5 16.Qd3 Nf5 17.Ng2 f6 18.Nf3 Rh3 19.e4 dxe4 20.Qxe4 g5 21.Re1 Rdh8 22.
Ba3 Bxa3 23.Rxa3 Nc4 24.Ra2 Ncd6 25.Qxe6 g4 26.Nfh4 Nxh4 27.Nxh4 R8xh4 28.
gxh4 Rxc3 29.h5 f5 30.Rae2 Ne4 31.Rxe4 fxe4 32.Qg8+ Qd8 33.Qxd8+ Kxd8 34.
Rxe4 Kd7 35.Re5 g3 36.h3 Rf3 37.h6 Rxf4 38.Rh5 Rf8 39.h7 Rh8 40.Kg2 Ke6 
41.Kxg3 Kf6 42.Kg4 Kg6 43.Rh4 a5 44.bxa6 bxa6 45.Rh5 c6 46.a5 Kf7 47.Kg5 
Kg7 48.Rh6 1-0

[Event "34th WCh U20 Girls"]
[Site "Bhubaneswar IND"]
[Date "2016.08.09"]
[Round "2.8"]
[White "Varshini, Velavan"]
[Black "Buksa, Natalia"]
[Result "0-1"]
[WhiteElo "2129"]
[BlackElo "2261"]
[EventDate "2016.08.08"]
[PlyCount "118"]

1.e4 e5 2.Nf3 Nc6 3.Bb5 f5 4.d3 fxe4 5.dxe4 Nf6 6.O-O Bc5 7.Qe2 Nd4 8.Nxd4
Bxd4 9.c3 Bb6 10.a4 a6 11.Bc4 d6 12.Be3 Bxe3 13.Qxe3 Qe7 14.f4 exf4 15.
Qxf4 Be6 16.Bxe6 Qxe6 17.Nd2 O-O 18.Qf5 Rae8 19.Rfe1 Qe7 20.Qh3 d5 21.e5 
Ne4 22.Nxe4 Qxe5 23.Qg3 dxe4 24.Qxe5 Rxe5 25.Rad1 h5 26.Rd4 e3 27.Rd3 Rfe8
28.Rd7 Rc5 29.Rd3 e2 30.b4 Rc4 31.g3 a5 32.bxa5 Rc5 33.Kf2 Rf5+ 34.Rf3 
Rxa5 35.Rf4 Rc5 36.Rb4 b6 37.c4 Re4 38.Rxe2 Rexc4 39.Rb5 Kf7 40.Rxc5 Rxc5 
41.h4 Kf6 42.Re4 Rc3 43.Rb4 g6 44.Kg2 Ke5 45.Rb5+ Rc5 46.Rb4 Kd5 47.Rf4 
Rc4 48.Rf6 Rg4 49.Kf3 Kc5 50.Rf7 Kb4 51.Rxc7 Kxa4 52.Ra7+ Kb4 53.Rf7 b5 
54.Rb7 Kc4 55.Rc7+ Kb3 56.Rb7 b4 57.Rb6 Kc2 58.Rc6+ Kb2 59.Rb6 b3 0-1

[Event "34th WCh U20 Girls"]
[Site "Bhubaneswar IND"]
[Date "2016.08.09"]
[Round "2.9"]
[White "Monnisha, Gajendra Babu Kannaiyan"]
[Black "Gu Tianlu"]
[Result "1-0"]
[WhiteElo "2101"]
[BlackElo "2239"]
[EventDate "2016.08.08"]
[PlyCount "91"]

1.e4 e5 2.Nf3 Nc6 3.Bb5 a6 4.Ba4 Nf6 5.d3 b5 6.Bb3 Bc5 7.Nc3 d6 8.Nd5 h6 
9.c3 Rb8 10.O-O O-O 11.h3 Ba7 12.Be3 Bxe3 13.Nxf6+ Qxf6 14.fxe3 Na5 15.Qe2
Qe7 16.Qf2 c5 17.Bd5 Be6 18.Nh4 g6 19.Nf5 gxf5 20.exf5 Qg5 21.fxe6 fxe6 
22.Bxe6+ Kg7 23.Qe2 Nc6 24.Rxf8 Rxf8 25.a4 Qg6 26.axb5 axb5 27.Bd7 Ne7 28.
Bxb5 Nf5 29.Qf3 Qg5 30.Ra7+ Ne7 31.Qe4 d5 32.Qg4 Qxg4 33.hxg4 Kf6 34.Ra6+ 
Kg5 35.Re6 Ng8 36.Rxe5+ Kxg4 37.Bd7+ Kh4 38.Be6 Ne7 39.Bxd5 Nf5 40.Kh2 h5 
41.Bf3 Ng3 42.Rxc5 Nf1+ 43.Kg1 Nxe3 44.Rxh5+ Kg3 45.Rh3+ Kf4 46.Be4 1-0

[Event "34th WCh U20 Girls"]
[Site "Bhubaneswar IND"]
[Date "2016.08.09"]
[Round "2.10"]
[White "Ayinala, Shree"]
[Black "Eswaran, Ashritha"]
[Result "0-1"]
[WhiteElo "1464"]
[BlackElo "2226"]
[EventDate "2016.08.08"]
[PlyCount "116"]

1.c4 e5 2.Nc3 d6 3.g3 g6 4.Bg2 Bg7 5.e3 Nc6 6.Nge2 Be6 7.b3 Qd7 8.O-O Bh3 
9.d4 h5 10.dxe5 Bxg2 11.Kxg2 Nxe5 12.Nf4 Nxc4 13.bxc4 Bxc3 14.Rb1 Qc6+ 15.
Qd5 Ne7 16.Qxc6+ bxc6 17.e4 Bd4 18.Bb2 Bxb2 19.Rxb2 g5 20.Nd3 Kd7 21.c5 
Rab8 22.Rd2 Ke6 23.Re1 f6 24.f4 Rhf8 25.cxd6 cxd6 26.e5 fxe5 27.fxe5 Nd5 
28.a3 Rf5 29.exd6+ Kxd6 30.Nb4 a5 31.Nxd5 cxd5 32.Re3 Rb1 33.h3 Re5 34.
Red3 Rb5 35.Kf3 Re4 36.g4 h4 37.Rd1 Ke5 38.Rc1 Rf4+ 39.Kg2 d4 40.Rc2 Ke4 
41.Rcd2 Rd5 42.Rd1 a4 43.R1d2 Rf6 44.Rd1 Rc6 45.R3d2 d3 46.Re1+ Kd4 47.
Red1 Ke3 48.Rf2 Rc2 49.Rxc2 dxc2 50.Rxd5 c1=Q 51.Re5+ Kf4 52.Rf5+ Ke4 53.
Rf2 Qe3 54.Rf8 Qg3+ 55.Kf1 Qxh3+ 56.Ke1 Qg2 57.Rf2 Qxf2+ 58.Kxf2 Kf4 0-1

[Event "34th WCh U20 Girls"]
[Site "Bhubaneswar IND"]
[Date "2016.08.09"]
[Round "2.11"]
[White "Michelle Catherina"]
[Black "Priyanka, K."]
[Result "1-0"]
[WhiteElo "2205"]
[BlackElo "2048"]
[EventDate "2016.08.08"]
[PlyCount "192"]

1.c4 Nf6 2.Nc3 g6 3.e4 d6 4.g3 Bg7 5.Bg2 O-O 6.Nge2 e5 7.O-O Nc6 8.d3 Be6 
9.h3 Nd7 10.Be3 Kh8 11.Nd5 Ne7 12.d4 Nc6 13.Nxc7 Qxc7 14.d5 Nc5 15.dxe6 
Nxe6 16.Rc1 Rac8 17.b3 b6 18.Qd2 Ncd4 19.Nxd4 Nxd4 20.f4 f5 21.Kh2 Rce8 
22.Qd3 Qd7 23.Rcd1 Qe6 24.Rde1 Qd7 25.Bd2 Rd8 26.Bc3 fxe4 27.Bxe4 Qc7 28.
Bd5 Rde8 29.Re4 Qd7 30.Rfe1 Qd8 31.Kg2 Qd7 32.Ba1 Qd8 33.b4 Qc8 34.Bc3 Qd7
35.b5 Qd8 36.Ba1 Qc8 37.Bc3 Qd8 38.a3 Qc8 39.Ba1 Qd8 40.Bc3 Qb8 41.Bxd4 
exd4 42.Bc6 Rxe4 43.Rxe4 Qd8 44.h4 Bf6 45.Re6 Kg7 46.Qe4 Rf7 47.Re8 Re7 
48.Rxd8 Rxe4 49.Rxd6 Re2+ 50.Kf1 Re3 51.Rd7+ Re7 52.Rd6 Re3 53.Rd7+ Re7 
54.Rxe7+ Bxe7 55.a4 Kf6 56.Be4 Bc5 57.Ke2 Bb4 58.g4 Bd6 59.Kf3 h6 60.g5+ 
hxg5 61.hxg5+ Kf7 62.Bd3 Bc5 63.Kg4 Bf8 64.Kg3 Bd6 65.Kf3 Bc5 66.Ke4 Ke6 
67.Bc2 Bd6 68.Kf3 Kf7 69.Kg4 Bf8 70.Bd3 Bc5 71.f5 gxf5+ 72.Kxf5 Bd6 73.Ke4
Be7 74.Kf5 Bd6 75.Be4 Ke7 76.g6 Bg3 77.Bd3 Bd6 78.Ke4 Ke6 79.Kxd4 Be5+ 80.
Ke4 Bg7 81.Kf4 Kd6 82.Kf5 Bd4 83.c5+ Kxc5 84.Ke6 Kb4 85.Bc2 Ka5 86.Kf7 a6 
87.Bd3 axb5 88.axb5 Kb4 89.g7 Bxg7 90.Kxg7 Kc3 91.Bf1 Kd4 92.Kf6 Kd5 93.
Ke7 Kc5 94.Kd7 Kd5 95.Kc7 Kc5 96.Be2 Kd5 1-0

[Event "34th WCh U20 Girls"]
[Site "Bhubaneswar IND"]
[Date "2016.08.09"]
[Round "2.12"]
[White "Pratyusha, Bodda"]
[Black "Chandreyee, Hajra"]
[Result "1-0"]
[WhiteElo "2329"]
[BlackElo "1931"]
[EventDate "2016.08.08"]
[PlyCount "101"]

1.d4 d5 2.c4 e6 3.Nc3 Nf6 4.cxd5 exd5 5.Bg5 Be7 6.e3 O-O 7.Bd3 c6 8.Qc2 
Nbd7 9.Nf3 Re8 10.O-O Nf8 11.h3 Be6 12.Ne5 N6d7 13.Bxe7 Qxe7 14.f4 Nxe5 
15.fxe5 Qg5 16.Rf3 Ng6 17.Qf2 c5 18.Nb5 Re7 19.Rf1 Qh4 20.Rg3 Rf8 21.Nd6 
f6 22.Bxg6 hxg6 23.dxc5 Bd7 24.exf6 Rxf6 25.Rf3 Qxf2+ 26.R1xf2 Rxf3 27.
Rxf3 b6 28.b4 bxc5 29.bxc5 Ba4 30.Rf4 Bc2 31.Rd4 Be4 32.Nxe4 dxe4 33.Kf2 
Rc7 34.Rd5 Kf7 35.Kg3 Ke6 36.Rg5 Kf6 37.Kf4 Rc6 38.h4 Ra6 39.Kxe4 Rxa2 40.
Kd5 a5 41.Kd6 a4 42.Rd5 a3 43.Rd3 Ra1 44.c6 a2 45.Rd2 Kf7 46.Kd7 Rc1 47.
Rf2+ Kg8 48.Rxa2 Rd1+ 49.Kc8 Kf8 50.c7 Rb1 51.Ra4 1-0

[Event "34th WCh U20 Girls"]
[Site "Bhubaneswar IND"]
[Date "2016.08.09"]
[Round "2.13"]
[White "Rodriguez Rueda, Paula Andrea"]
[Black "Gomez Barrera, Javiera Belen"]
[Result "1-0"]
[WhiteElo "2321"]
[BlackElo "2055"]
[EventDate "2016.08.08"]
[PlyCount "77"]

1.d4 Nf6 2.c4 g6 3.Nc3 Bg7 4.e4 d6 5.f3 O-O 6.Be3 Nc6 7.Nge2 a6 8.Nc1 Rb8 
9.Nb3 Re8 10.Be2 e5 11.d5 Ne7 12.c5 Nh5 13.O-O f5 14.a4 b6 15.cxd6 cxd6 
16.Rc1 Nf4 17.Bc4 g5 18.Kh1 Qd7 19.Bxf4 gxf4 20.Bd3 fxe4 21.Bxe4 b5 22.Na5
Nf5 23.Bxf5 Qxf5 24.Ne4 Qg6 25.Rc6 Rd8 26.Rc7 Bd7 27.Nb7 Rxb7 28.Rxb7 bxa4
29.Qc2 Bf5 30.Qxa4 Bxe4 31.fxe4 Rc8 32.Rb6 Bf8 33.Rc6 Rb8 34.Qc2 Rb4 35.
Rc4 Rb5 36.g3 fxg3 37.Rc8 Rc5 38.Rfxf8+ Kg7 39.Rg8+ 1-0

[Event "34th WCh U20 Girls"]
[Site "Bhubaneswar IND"]
[Date "2016.08.09"]
[Round "2.14"]
[White "Blagojevic, Tijana"]
[Black "Lasya, Goli"]
[Result "1-0"]
[WhiteElo "2267"]
[BlackElo "2084"]
[EventDate "2016.08.08"]
[PlyCount "65"]

1.e4 c5 2.Nf3 d6 3.Bb5+ Bd7 4.c4 Nf6 5.Nc3 e5 6.Bxd7+ Nbxd7 7.d3 g6 8.a3 
Bg7 9.b4 h6 10.O-O O-O 11.Rb1 b6 12.Ne1 Ne8 13.Nd5 f5 14.exf5 gxf5 15.f4 
Nc7 16.Nxc7 Qxc7 17.Qh5 e4 18.Bb2 cxb4 19.axb4 Rf7 20.Bxg7 Kxg7 21.dxe4 
fxe4 22.f5 Nf6 23.Qg6+ Kf8 24.Qxh6+ Ke7 25.Nc2 Qxc4 26.Ne3 Qb5 27.Rbc1 Rd8
28.Rfd1 Ke8 29.g4 Qe2 30.Rc2 Qb5 31.g5 Nd7 32.Nd5 Qa4 33.Nc7+ 1-0

[Event "34th WCh U20 Girls"]
[Site "Bhubaneswar IND"]
[Date "2016.08.09"]
[Round "2.15"]
[White "Priyanka, Nutakki"]
[Black "Omurbekova, Diana"]
[Result "1-0"]
[WhiteElo "2234"]
[BlackElo "1886"]
[EventDate "2016.08.08"]
[PlyCount "61"]

1.d4 Nf6 2.c4 e6 3.Nf3 b6 4.g3 Bb7 5.Bg2 c5 6.d5 exd5 7.Nh4 d6 8.cxd5 b5 
9.O-O g6 10.e4 Bg7 11.Qe2 O-O 12.Rd1 b4 13.Qc2 Qe7 14.Nd2 Ng4 15.h3 Nh6 
16.Nc4 Nd7 17.Bf4 Ne5 18.Nxe5 dxe5 19.Be3 Rfc8 20.d6 Qd7 21.Qd2 f5 22.Bxh6
fxe4 23.Bxg7 Kxg7 24.Qe3 Qe6 25.Bxe4 Bxe4 26.Qxe4 Rf8 27.Rd5 Rae8 28.d7 
Rd8 29.Rad1 Qxh3 30.Rxe5 Rf7 31.Re7 1-0

[Event "34th WCh U20 Girls"]
[Site "Bhubaneswar IND"]
[Date "2016.08.09"]
[Round "2.17"]
[White "Kakulidis, Ellen"]
[Black "Mahalakshmi, Muganda Kumar"]
[Result "0-1"]
[WhiteElo "1989"]
[BlackElo "2101"]
[EventDate "2016.08.08"]
[PlyCount "78"]

1.d4 Nf6 2.c4 Nc6 3.Nf3 d6 4.Nc3 e5 5.d5 Ne7 6.Bg5 Ng6 7.g3 h6 8.Bxf6 Qxf6
9.e4 Qd8 10.Bg2 Be7 11.h4 Nf8 12.Qc2 Nh7 13.b4 O-O 14.O-O f5 15.exf5 Bxf5 
16.Qe2 Qe8 17.Nd2 Qg6 18.Nde4 Nf6 19.Nxf6+ Bxf6 20.Ne4 Be7 21.Rac1 Bg4 22.
Qe3 a5 23.b5 Rf7 24.Nd2 Bf5 25.Kh2 Raf8 26.Rc3 Kh8 27.Bh3 Bxh3 28.Kxh3 Qh5
29.Kg2 Rf6 30.Ne4 Rg6 31.Rh1 Rf4 32.Rcc1 Qf5 33.Rce1 Bxh4 34.Kf1 Rf3 35.
Qe2 Bxg3 36.Rg1 Qh3+ 37.Rg2 Qh1+ 38.Rg1 Qh3+ 39.Rg2 Bxf2 0-1

[Event "34th WCh U20 Girls"]
[Site "Bhubaneswar IND"]
[Date "2016.08.09"]
[Round "2.18"]
[White "Injac, Teodora"]
[Black "Hoare, Amy"]
[Result "1-0"]
[WhiteElo "2252"]
[BlackElo "2017"]
[EventDate "2016.08.08"]
[PlyCount "181"]

1.Nf3 Nf6 2.c4 e6 3.g3 d5 4.b3 Be7 5.Bg2 c5 6.O-O O-O 7.Bb2 Nc6 8.e3 b6 9.
Nc3 Ba6 10.Qe2 Rc8 11.d3 Qd7 12.Rfd1 Rfd8 13.Rac1 h6 14.Qe1 Qe8 15.Bh3 Rc7
16.Qe2 Rcd7 17.Bg2 Nh7 18.h4 Bf6 19.Nh2 Bb7 20.Ng4 Qe7 21.cxd5 exd5 22.
Nxf6+ Nxf6 23.Bh3 d4 24.Nb5 Rd5 25.e4 a6 26.Re1 Re5 27.Na3 Qc7 28.Rcd1 
Ree8 29.Qc2 Nb4 30.Qb1 Nd7 31.f4 Nf6 32.Nc4 Bc8 33.Bxc8 Qxc8 34.Rd2 Qh3 
35.a3 Nc6 36.Rg2 Nh5 37.Qd1 g6 38.Nxb6 Nf6 39.Qf3 Rb8 40.Nc4 Rxb3 41.e5 
Qe6 42.g4 Qxc4 43.Qxc6 Qe6 44.Qxc5 Rxd3 45.f5 Qd5 46.Qc2 Qb3 47.Qc6 Re3 
48.Rf1 Rg3 49.Bxd4 Qd3 50.Bf2 Rxg2+ 51.Kxg2 Qd5+ 52.Qxd5 Nxd5 53.Bd4 gxf5 
54.gxf5 Rc8 55.Kf3 Rc4 56.Ke4 Ne7 57.Kd3 Ra4 58.Rg1+ Kh7 59.f6 Nf5 60.Bc5 
Rxh4 61.e6 Rh3+ 62.Kc4 fxe6 63.f7 Ne3+ 64.Bxe3 Rf3 65.Rh1 Kg7 66.Bc5 Rf4+ 
67.Kb3 Rxf7 68.Re1 Rf3+ 69.Ka4 Kf7 70.Ka5 Rf6 71.Kxa6 e5+ 72.Kb7 Ke6 73.
Rd1 Rf4 74.Kc6 e4 75.Rd6+ Ke5 76.Rxh6 Rf1 77.a4 Ra1 78.Kb5 Rb1+ 79.Ka6 Kd5
80.Bb6 Rb3 81.Rh5+ Kc6 82.Rh6+ Kd7 83.Rh4 Kc6 84.a5 Rb4 85.Ka7 Rc4 86.Rh6+
Kd7 87.Kb7 Rb4 88.a6 e3 89.a7 e2 90.a8=Q e1=Q 91.Qd8# 1-0

[Event "34th WCh U20 Girls"]
[Site "Bhubaneswar IND"]
[Date "2016.08.09"]
[Round "2.19"]
[White "Bala Kannamma, P."]
[Black "Tokhiryonova, Gulrukhbegim"]
[Result "1/2-1/2"]
[WhiteElo "2039"]
[BlackElo "2328"]
[EventDate "2016.08.08"]
[PlyCount "86"]

1.e4 e6 2.d4 d5 3.Nd2 c5 4.exd5 Qxd5 5.Ngf3 cxd4 6.Bc4 Qd7 7.O-O Nc6 8.Nb3
Nf6 9.Nbxd4 Nxd4 10.Qxd4 Qxd4 11.Nxd4 Bd7 12.c3 Rc8 13.Be2 e5 14.Nf3 Bd6 
15.Re1 O-O 16.Bg5 Bb8 17.Bd3 Rfe8 18.Bxf6 gxf6 19.Be4 b5 20.Nh4 Rc4 21.f3 
a5 22.Nf5 b4 23.cxb4 Rxb4 24.Re2 Ba7+ 25.Kh1 Bd4 26.Nxd4 exd4 27.Rd2 f5 
28.Bd3 Be6 29.b3 Rc8 30.Kg1 Kg7 31.Kf2 Kf6 32.f4 a4 33.bxa4 Rxa4 34.Bb5 
Ra3 35.Rad1 Bd5 36.Bf1 Be4 37.Rxd4 Rxa2+ 38.R1d2 Rcc2 39.Rxc2 Rxc2+ 40.Kg3
Rc3+ 41.Kf2 Rc2+ 42.Kg3 Rc3+ 43.Kf2 Rc2+ 1/2-1/2

[Event "34th WCh U20 Girls"]
[Site "Bhubaneswar IND"]
[Date "2016.08.09"]
[Round "2.20"]
[White "Mendoza, Shania Mae"]
[Black "Chitlange, Sakshi"]
[Result "0-1"]
[WhiteElo "2191"]
[BlackElo "2014"]
[EventDate "2016.08.08"]
[PlyCount "216"]

1.d4 Nf6 2.c4 e6 3.Nc3 Bb4 4.Qc2 O-O 5.a3 Bxc3+ 6.Qxc3 b5 7.cxb5 c6 8.Bg5 
cxb5 9.f3 Bb7 10.e3 a6 11.Bd3 Nc6 12.Ne2 Rc8 13.Qd2 h6 14.Bh4 Ne4 15.Bxd8 
Nxd2 16.Kxd2 Rfxd8 17.b4 d6 18.Nc1 Kf8 19.Nb3 Ke7 20.Rhc1 Rd7 21.Rc2 Rdc7 
22.Rac1 Kd7 23.e4 Na7 24.Rxc7+ Rxc7 25.Rxc7+ Kxc7 26.Kc3 Nc8 27.Nc1 Nb6 
28.Ne2 e5 29.d5 Bc8 30.f4 f5 31.fxe5 dxe5 32.exf5 Nxd5+ 33.Kd2 Kd6 34.g4 
Nf6 35.Ng3 Nxg4 36.Nh5 Nxh2 37.Nxg7 Ng4 38.Nh5 Ke7 39.Kc3 Nf6 40.Ng3 h5 
41.Nf1 e4 42.Be2 Bxf5 43.Kd4 Kd6 44.Ne3 Bd7 45.Bf1 h4 46.Bg2 h3 47.Bh1 Ng4
48.Nf1 h2 49.Bxe4 Bc6 50.Nxh2 Nxh2 51.Bf5 Nf3+ 52.Kc3 Kc7 53.Bd3 Ne5 54.
Bf1 Kb7 55.Be2 Nd7 56.Bd3 Nb6 57.Be2 Kc7 58.Kd4 Kd6 59.Bd3 Bb7 60.Be2 Bd5 
61.Bd3 Nc4 62.Bf5 Nxa3 63.Bc8 Kc6 64.Bxa6 Be6 65.Ke5 Bh3 66.Bxb5+ Kxb5 67.
Kf4 Kxb4 68.Kg3 Bd7 69.Kf4 Kc4 70.Ke5 Nb5 71.Ke4 Nd6+ 72.Ke5 Kc5 73.Kf6 
Kd5 74.Ke7 Be6 75.Kf6 Ne4+ 76.Kg7 Ke5 77.Kg6 Bd5 78.Kg7 Kf5 79.Kh7 Kf6 80.
Kh8 Nd6 81.Kh7 Bc4 82.Kh8 Nf7+ 83.Kh7 Bd3+ 84.Kg8 Be4 85.Kf8 Bh7 86.Ke8 
Ne5 87.Kd8 Ke6 88.Kc7 Nd7 89.Kc6 Bd3 90.Kc7 Bb5 91.Kd8 Nb6 92.Kc7 Nd5+ 93.
Kc8 Ke7 94.Kb7 Kd7 95.Kb8 Kc6 96.Kc8 Kd6 97.Kb8 Bd7 98.Kb7 Kc5 99.Ka6 Kb4 
100.Ka7 Kb5 101.Kb7 Be6 102.Ka7 Nc7 103.Kb7 Na6 104.Ka7 Nc5 105.Kb8 Kb6 
106.Ka8 Bf5 107.Kb8 Na6+ 108.Ka8 Be4# 0-1

[Event "34th WCh U20 Girls"]
[Site "Bhubaneswar IND"]
[Date "2016.08.09"]
[Round "2.21"]
[White "Du Yuxin"]
[Black "Hiebler, Laura"]
[Result "1-0"]
[WhiteElo "1957"]
[BlackElo "2110"]
[EventDate "2016.08.08"]
[PlyCount "97"]

1.e4 e5 2.Nf3 Nc6 3.Bb5 a6 4.Ba4 Nf6 5.d3 d6 6.c3 g6 7.O-O Bg7 8.h3 O-O 9.
Bg5 h6 10.Be3 b5 11.Bc2 Na5 12.a4 Bb7 13.b4 Nc6 14.Na3 Qd7 15.Qd2 Kh7 16.
axb5 axb5 17.Nxb5 Nxb4 18.Ba4 Na6 19.Na7 Qe6 20.Rfb1 Rfb8 21.Nc6 Bxc6 22.
Bxc6 Rxb1+ 23.Rxb1 Rd8 24.c4 Nb8 25.Ba4 Qc8 26.Qa5 Nh5 27.Qa7 c5 28.Qxf7 
Rf8 29.Qe7 Qa6 30.Rb7 Rg8 31.Ra7 Qb6 32.Bb5 Nf4 33.Bxf4 exf4 34.Rb7 Qd8 
35.Qf7 Qf8 36.Qe6 Qc8 37.Qxc8 Rxc8 38.Rf7 g5 39.h4 Kg6 40.Rf5 Rf8 41.Rd5 
Rd8 42.hxg5 hxg5 43.Rxg5+ Kf7 44.Rf5+ Ke7 45.Rxf4 Nd7 46.Bxd7 Rxd7 47.g4 
Rd8 48.g5 Rg8 49.Kg2 1-0

[Event "34th WCh U20 Girls"]
[Site "Bhubaneswar IND"]
[Date "2016.08.09"]
[Round "2.22"]
[White "Srija, Seshadri"]
[Black "Yanjinlkham, Bayarsaikhan"]
[Result "1-0"]
[WhiteElo "2102"]
[BlackElo "1990"]
[EventDate "2016.08.08"]
[PlyCount "63"]

1.e4 c5 2.Nf3 d6 3.d4 cxd4 4.Nxd4 Nf6 5.Nc3 a6 6.Be2 e5 7.Nb3 Be6 8.O-O 
Nbd7 9.Be3 Rc8 10.f4 exf4 11.Rxf4 Ne5 12.Nd5 Bxd5 13.exd5 Be7 14.Qd2 Qc7 
15.c4 O-O 16.Rc1 b6 17.Nd4 Rfe8 18.Rff1 Bd8 19.b3 Neg4 20.Bf4 Ne4 21.Qd3 
h5 22.Bxg4 hxg4 23.Rce1 Nf6 24.Nf5 Be7 25.Rxe7 Qc5+ 26.Kh1 Red8 27.Be3 Qb4
28.Bd2 Qa3 29.Nh6+ gxh6 30.Rxf6 Qb2 31.Rexf7 Qa1+ 32.Rf1 1-0

[Event "34th WCh U20 Girls"]
[Site "Bhubaneswar IND"]
[Date "2016.08.09"]
[Round "2.23"]
[White "Sapale, Saloni"]
[Black "Vantika, Agrawal"]
[Result "1/2-1/2"]
[WhiteElo "2080"]
[BlackElo "1974"]
[EventDate "2016.08.08"]
[PlyCount "117"]

1.e4 c5 2.Nf3 e6 3.d4 cxd4 4.Nxd4 Nc6 5.Nc3 Qc7 6.Be3 a6 7.Be2 Nf6 8.O-O 
Bb4 9.Na4 Be7 10.Nxc6 bxc6 11.Nb6 Rb8 12.Nxc8 Qxc8 13.Bd4 c5 14.Be5 Rb6 
15.b3 Nxe4 16.Bxg7 Rg8 17.Be5 Bd6 18.Bxd6 Rxd6 19.Bd3 Qc6 20.f3 Nf6 21.Qe1
Rd4 22.Qe5 Ke7 23.Rf2 Rh4 24.Rd1 Rh5 25.Qe2 Qc7 26.g3 Nd5 27.Qd2 Nf4 28.
Bf1 d5 29.Re1 a5 30.a4 d4 31.Re4 Nd5 32.Bc4 Ne3 33.Rxe3 dxe3 34.Qxe3 Rd8 
35.Bd3 Qd6 36.f4 Qd4 37.Qf3 Rhd5 38.Kg2 h5 39.f5 Qg4 40.Qe3 h4 41.Rf4 Qg5 
42.f6+ Kd7 43.Qe1 hxg3 44.hxg3 Rg8 45.Rf3 c4 46.bxc4 Re5 47.Qf2 Rc5 48.Be4
Qe5 49.Rd3+ Kc7 50.Bd5 Kd6 51.Bxe6+ Kxe6 52.Re3 Rxc4 53.Rxe5+ Kxe5 54.Qe2+
Kd5 55.Qd3+ Kc5 56.Qa3+ Kd5 57.Qd3+ Kc5 58.Qa3+ Kd5 59.Qd3+ 1/2-1/2

[Event "34th WCh U20 Girls"]
[Site "Bhubaneswar IND"]
[Date "2016.08.09"]
[Round "2.24"]
[White "Divya Lakshmi, R."]
[Black "Choladze, Mariami"]
[Result "1-0"]
[WhiteElo "1864"]
[BlackElo "2077"]
[EventDate "2016.08.08"]
[PlyCount "59"]

1.e4 c5 2.Nf3 Nc6 3.d4 cxd4 4.Nxd4 Qc7 5.c4 Nf6 6.Nc3 Nxe4 7.Nxe4 Qe5 8.
Be3 Qxe4 9.Nb5 Qe5 10.Qd2 a6 11.f4 Qb8 12.Nc3 e6 13.O-O-O Bb4 14.a3 Be7 
15.Na4 Bd8 16.Nb6 Bxb6 17.Bxb6 O-O 18.c5 Ne7 19.Bc4 Nd5 20.Bxd5 exd5 21.
Qb4 a5 22.Bxa5 d6 23.cxd6 Ra6 24.Bc7 Qa7 25.Rxd5 Bf5 26.Rc5 Rc8 27.Re1 Ra4
28.Qc3 Rxf4 29.Bb6 Rxc5 30.Re8# 1-0

[Event "34th WCh U20 Girls"]
[Site "Bhubaneswar IND"]
[Date "2016.08.09"]
[Round "2.25"]
[White "Soyunlu, Narmin"]
[Black "Barbier, Astrid"]
[Result "1-0"]
[WhiteElo "2074"]
[BlackElo "1853"]
[EventDate "2016.08.08"]
[PlyCount "55"]

1.g3 c5 2.c4 Nc6 3.Bg2 g6 4.Nc3 Bg7 5.e4 e5 6.Nge2 Nge7 7.O-O O-O 8.d3 a6 
9.Be3 d6 10.f4 f5 11.Rb1 Rb8 12.a4 Nd4 13.b4 Be6 14.fxe5 Bxe5 15.Bf4 Nxe2+
16.Nxe2 Nc6 17.Bxe5 Nxe5 18.Nf4 Bc8 19.Qd2 b6 20.Qc3 Ng4 21.bxc5 dxc5 22.
Nd5 Bd7 23.Rbe1 h5 24.exf5 Bxf5 25.Ne7+ Kh7 26.Nc6 Qxd3 27.Re7+ Kh6 28.
Qg7+ 1-0

[Event "34th WCh U20 Girls"]
[Site "Bhubaneswar IND"]
[Date "2016.08.09"]
[Round "2.26"]
[White "Albekova, Dilyara"]
[Black "Visanescu, Daria-Ioana"]
[Result "0-1"]
[WhiteElo "1732"]
[BlackElo "2067"]
[EventDate "2016.08.08"]
[PlyCount "62"]

1.e4 c5 2.Nf3 e6 3.d4 cxd4 4.Nxd4 a6 5.Nc3 Qc7 6.Be3 Nf6 7.f3 Be7 8.Qd2 b5
9.a4 b4 10.Na2 d5 11.Bd3 Bb7 12.O-O O-O 13.Nxb4 dxe4 14.fxe4 Ng4 15.Bf4 e5
16.Nd5 Bxd5 17.exd5 exf4 18.Qe2 Nf6 19.Kh1 Bc5 20.Nb3 Bd6 21.c4 Nbd7 22.
Nd4 Ne5 23.Nf5 Rfe8 24.Qd2 Nxd3 25.Qxd3 g6 26.Nxd6 Qxd6 27.Rac1 Re3 28.Qc2
Rae8 29.Rfd1 Qe5 30.h3 f3 31.Rg1 Nh5 0-1

[Event "34th WCh U20 Girls"]
[Site "Bhubaneswar IND"]
[Date "2016.08.09"]
[Round "2.27"]
[White "Leonardi, Caterina"]
[Black "Minaud, Emily"]
[Result "1-0"]
[WhiteElo "2061"]
[BlackElo "1721"]
[EventDate "2016.08.08"]
[PlyCount "71"]

1.d4 Nf6 2.c4 e6 3.Nf3 b6 4.g3 Bb7 5.Bg2 c5 6.e3 Be7 7.O-O O-O 8.Nc3 d6 9.
b3 Nbd7 10.Qd3 h6 11.Bb2 Rc8 12.Rfd1 Ba8 13.e4 cxd4 14.Qxd4 e5 15.Qe3 Nc5 
16.Nxe5 Re8 17.Nd3 Qc7 18.Nxc5 dxc5 19.Nd5 Nxd5 20.cxd5 Bd6 21.f4 c4 22.
Qc3 f6 23.Rac1 Bc5+ 24.Kh1 cxb3 25.Qxb3 Kh8 26.Bd4 Qe7 27.Bxc5 Rxc5 28.d6 
Qd7 29.Rxc5 bxc5 30.Qc4 Qc6 31.d7 Rd8 32.Qf7 Qa4 33.Rd6 Bc6 34.e5 Rxd7 35.
Qf8+ Kh7 36.Bxc6 1-0